Estatísticas para Cultura Geral

Clique aqui para jogar o quiz

Estatísticas Gerais

  • Esse quiz foi jogado 6 vezes
  • A pontuação média é 6 de 15

Estatísticas das Respostas

HintResposta% Correto
Que nome damos ao profissional que pratica engenheira?Engenheiro
80%
Qual é o símbolo do lítio?Li
80%
Que nome damos á rescisão de uma atividade remunerada?Demissão
60%
Que nome damos ao ódio, desprezo ou preconceito contra mulheres ou meninas?Misoginia
60%
Qual é o símbolo do Nióbio?Nb
60%
Que nome damos ao material afixado a um recipiente ou produto, no qual são escritas ou impressas informações?Rótulo
60%
Que nome damos ao meio de divulgação de uma ideia ou marca, feito de papel e de fácil manuseabilidade?Panfleto
40%
Que nome damos ao estado de quem se acha ou se sente desacompanhado ou só?Solidão
40%
Que nome damos a uma pessoa que exerça uma atividade sistemática para obter conhecimento?Cientista
20%
A que país pertence a ilha Kaffeklubben?Dinamarca
20%
Que nome damos á empresa dedicada à actividade de imprimir?Gráfica
20%
Que nome damos ás linhas horizontais imaginárias que cortam a Terra do leste ao oste?Paralelos
20%
Que nome damos á operação intelectual que consiste em isolar um elemento à exclusão de outros?Abstração
0%
A que país pertence a ilha Attu?Estados Unidos
0%
Que nome damos ao estudo e diagnóstico de uma doença?Patologia
0%

Distribuição das Pontuações

Percentil de Números Respondidos

Porcentagem de Pessoas com Cada Pontuação

Sua Pontuação Histórica

Você não jogou esse quiz